| 000 | 00570nam a22002057a 4500 | ||
|---|---|---|---|
| 005 | 20170124110246.0 | ||
| 010 | _a672774 | ||
| 020 | _c00.00 | ||
| 035 | _a672774 | ||
| 037 | _bCen Lib/Ret | ||
| 040 |
_aDPL _bEN |
||
| 082 |
_a338.9 _bUNE |
||
| 245 | _aThe role of science and technology in economic development / | ||
| 260 |
_aParis _bUNESCO _c1970 |
||
| 270 |
_bParis _aPlace de Fontenoy |
||
| 300 |
_a216p. _c24cm(Hb) |
||
| 650 |
_aEconomic development _91481 |
||
| 650 |
_aScience and technology _94703 |
||
| 942 |
_2ddc _cEN _h338.9 _mUNE |
||
| 999 |
_c135558 _d135558 |
||